000 00405nam a2200133Ia 4500
008 200619s9999 xx 000 0 und d
082 _a923.2VIJ
100 _aVijay Manglura
245 0 _aMaasi Hogada Nenapu : Excerpts from Autobiogrpahies of Marathi Dalits
264 _aBangalore
_bSambuddha Prakashana
_c2008
300 _a42
942 _cIR
999 _c119996
_d119996